000 00290nam a2200133Ia 4500
100 _aDesphande/M.K
650 _aGeneral
942 _cRB
654 _aDictonary
245 _aMarathi- English Dictonary
260 _bIuvichar Prakashan
_aPoona
_c1984
300 _a634
546 _aENGLISH
999 _c33949
_d33949